| 000 | 00311nam a2200097Ia 4500 | ||
|---|---|---|---|
| 008 | 220120s9999||||xx |||||||||||||| ||und|| | ||
| 100 |
_aMuqtar Ahmed and Sathish, D _912357 |
||
| 245 | 0 | _aTelephone based email reading systems | |
| 260 |
_aCoorg Institute of Technology _bPonnampet _c2002 |
||
| 650 | _aCOMPUTER SCIENCE | ||
| 999 |
_c137943 _d137943 |
||